Loading...

Samskritha vyakaranathinu Keralapaniniyude sambhavana

Bibliographic Details
Main Author: Krishnawarier ,N.V
Format: Printed Book
Language:Malayalam
Published: Kerala Bhasha Institute Kerala Bhasha Institute 1989
LEADER 00858nam a2200145Ia 4500
008 111204s9999 xx 000 0 mal d
100 |a Krishnawarier ,N.V. 
245 |a Samskritha vyakaranathinu Keralapaniniyude sambhavana  |c Krishnawarier ,N.V. 
260 |b Kerala Bhasha Institute  |a Kerala Bhasha Institute  |c 1989 
300 |a 61 
942 |c BK 
999 |c 210905  |d 210905 
952 |0 0  |1 0  |2 ddc  |4 0  |6 491_250000000000000_KRI_S  |7 0  |9 233214  |a MAL  |b MAL  |c ST1  |d 1972-07-30  |g 8.00  |l 2  |o 491.25 KRI/S  |p MAL22586  |r 2017-07-10  |s 2017-06-13  |v 8.00  |w 2011-12-05  |y BK 
952 |0 0  |1 0  |2 ddc  |4 0  |6 491_250000000000000_KRI_S  |7 0  |9 233215  |a MAL  |b MAL  |c ST1  |d 2011-12-05  |g 8.00  |l 3  |o 491.25 KRI/S  |p MAL23252  |r 2015-10-14  |s 2015-10-01  |v 8.00  |w 2011-12-05  |y BK 
952 |0 0  |1 0  |2 ddc  |4 0  |6 491_250000000000000_KRI_S  |7 0  |9 398634  |a SAN  |b SAN  |c ST1  |d 2019-12-06  |i 6355  |l 1  |o 491.25 KRI/S  |p SAN6355  |r 2019-12-31  |s 2019-12-06  |w 2019-12-06  |y BK